Wedding planning and management consultancy for diverse clients (Record no. 274194)

MARC details
000 -LEADER
fixed length control field 00439nam a2200157Ia 4500
005 - DATE AND TIME OF LATEST TRANSACTION
control field 20240704095112.0
008 - FIXED-LENGTH DATA ELEMENTS--GENERAL INFORMATION
fixed length control field 240126s9999 xx 000 0 und d
020 ## - INTERNATIONAL STANDARD BOOK NUMBER
International Standard Book Number 9780750682336
082 ## - DEWEY DECIMAL CLASSIFICATION NUMBER
Classification number 392.5068 DAN;1 R
100 ## - MAIN ENTRY--PERSONAL NAME
Personal name Daniels, Maggie. Loveless, Carrie.
245 #0 - TITLE STATEMENT
Title Wedding planning and management consultancy for diverse clients
260 ## - PUBLICATION, DISTRIBUTION, ETC. (IMPRINT)
Name of publisher, distributor, etc. Oxford
Place of publication, distribution, etc. Elsevier
Date of publication, distribution, etc. 2007
300 ## - PHYSICAL DESCRIPTION
Extent xix, 498
440 ## - SERIES STATEMENT/ADDED ENTRY--TITLE
Title NULL
942 ## - ADDED ENTRY ELEMENTS (KOHA)
Koha item type PESU Books
Holdings
Date last seen Total Checkouts Full call number Accession number Old discount Volume/Issue Number Cost, replacement price Price effective from Category Lost status Damaged status Department Withdrawn status bill no. Permanent Location Current Location Shelving location Entry date Vendor Cost, normal purchase price Grants Currency symbol Conversion rate Discount Discount type
26/01/2024   392.5068 DAN;1 R PU2850 30 (29/06/1905) 2545.40 26/01/2024 PESU Books     HEM   IN11593 Central Library Central Library HM 07/01/2015 Info Book Distributors 55.95 HM USD 65 16.79 Rupees

© For any Suggestions or Query, please contact the library staff @ librarian@pes.edu or Phone: +9180 2672 1983/ 2108.